Seçim kazanma sanatı (Record no. 6673)

MARC details
000 -BAŞLIK
Sabit Uzunlukta Kontrol Alanı 00720na a2200253 4500
001 - KONTROL NUMARASI
Denetim Alanı 19622
003 - KONTROL NUMARASI IDENTIFIER
Denetim Alanı MIRAKIL
005 - SON İŞLEM TARİHİ VE ZAMANI
Denetim Alanı 20181213155115.0
008 - SABİT-BOY VERİ ELEMANLARI - GENEL BİLGİLER
Sabit Uzunlukta Kontrol Alanı 161221b tu 000 0
020 ## - ULUSLARARASI STANDART KİTAP NUMARASI
Uluslararası Standart Kitap Numarası 9752979130
040 ## - KATALOGLAMA KAYNAK
Orijinal Kataloglama Ajansı Milas
Kataloglama Dili tur
Metne Dönüştürmek Ajansı TR-AnCHP
041 ## - DİL KODU
Metin / Ses Parça Veya Ayrı Başlığın Dil Kodu tur
082 ## - DEWEY ONLU SINIFLANDIRMA NUMARASI
Sınıflandırma Numarası 324.6
Ürün Numarası Ö97s 2007
090 ## - SINIFLAMA NUMARASI
Sınıflama Numarası 324.6 Ö97s 2007
100 ## - ANA GİRİŞ - KİŞİSEL İSİM
Kişisel Ad Özsoy, Osman
245 ## - BAŞLIK TABLOSU
Başlık Seçim kazanma sanatı
Başlığın Kalan seçim kazanmanın altın kuralları
Sorumluluk Tablosu, Vb Osman Özsoy
246 ## - UNVAN FORM VARYING
Başlık Doğru / Kısa Başlığı seçim kazanmanın altın kuralları
260 ## - YAYIN, DAĞITIM, VB
Yayın, Dağıtım, Vb Yeri İstanbul
Yayıncı, Dağıtıcı, Vs Adı Alfa Kitap
Yayın, Dağıtım, Vb Tarihi 2007
300 ## - FİZİKSEL TANIM
Kapsam 234 s.
Boyutlar 20 sm.
490 ## - SERİSİ TABLOSU
Seri Beyanı Alfa Yayınları
Hacim / Ardışık Tanımı 1807
650 ## - KONU KATMA GİRİŞ - TOPİKAL DÖNEM
Topikal Süreli Veya Coğrafi Ad Giriş Elemanı Seçim kampanyaları
Coğrafi Alt Bölümü Türkiye
650 ## - KONU KATMA GİRİŞ - TOPİKAL DÖNEM
Topikal Süreli Veya Coğrafi Ad Giriş Elemanı Seçimler
Coğrafi Alt Bölümü Türkiye
942 ## - EKLENDİ GİRİŞ ELEMANLARI (KOHA)
Sınıflandırma Veya Raf Düzeni Kaynak Dewey Decimal Classification
Koha Öğesi Türü Books
999 ## - SİSTEM KONTROL NUMARALARI (KOHA)
Koha Biblionumber 6673
Koha Biblioitemnumber 6673
Holdings
Kalıcı Konum Mevcut Konum Edinme Tarihi Edinim Kaynak Toplam Check-Out'Lar Tam Çağrı Numarası Barkod Tarih Son Görülme İtibaren Geçerli Fiyatlar Koha Öğesi Türü
CHP Kütüphanesi CHP Kütüphanesi 12/21/2016 Bağış   324.6 Ö97s 2007 010787 12/21/2016 12/21/2016 Books